LEADER 01065nam a2200253 a 4500 001 000000006526 003 CaOOAMICUS 005 20140610110546.0 008 940606s1942 sp u000 u lat r 035 $a10169306 040 $aPUL(R)$bita 100 1 $aBover, José María,$cS.I.,$d1877-1954.$0(OLS)http://pul/name/6647 245 10$aDeiparae Virginis consensus corredemptionis ac meditationis fundamentum /$cIoseph nM. Bover. 260 $aMatriti :$b[s.n.],$c1942. 300 $a358 p. ;$c25 cm 504 $aBibliografia in nota. 600 04$aMaria Virgo,$cs.$xCorredenzione.$0(OLS)http://pul/subject/498 710 2 $aInstituto Francisco Suarez.$0(OLS)http://pul/name/6084 850 $aPUL 852 $aPUL$W1$xDP2 Religione 1$y63$m66 F 26$j9247$nBK-PRI$qStampati$B9247$CPULBib$Z2$F9247 $H11166 $82 941 1 $a8 961 $aINV: 11166 996 $6245$aDeiparae Virginis consensus corredemptionis ac meditationis fundamentum$9(OLS)http://pul/title/9592 996 $6260$aMatriti :$b[s.n.]$9(OLS)http://pul/publisher/50184 LEADER 01068nam a2200277 a 4500 001 000000134174 003 CaOOAMICUS 005 20130530140020.0 008 130530s1998 it u000 u ita r 020 $a88-384-4183-9 040 $aPUL$bita 100 1 $aBarbiellini Amidei, Gaspare,$d1934-$0(OLS)http://pul/name/30159 245 10$aNew Age - Next Age /$cGaspare Barbiellini Amidei. 250 $a2. ed. ampliata. 260 $aCasale Monferrato :$bPiemme,$c1998. 300 $a207 p. ;$c18 cm 650 4$aNew Age movement.$0(OLS)http://pul/subject/25360 650 4$aMovimenti religiosi$ySec. XX-XXI.$0(OLS)http://pul/subject/33268 850 $aPUL 852 $aPUL$W1$xDP1 Fondo E. Rossi$y115$m1 N 17$j154254$qFondi$B153807$CPULBib$Z2$F153807 $82 941 1 $a1 961 $aSul dorso collocazione ms. di E. Rossi: N 10 5 996 $6020$a88-384-4183-9$9(OLS)http://pul/number/152896 996 $6245$aNew Age - Next Age$9(OLS)http://pul/title/169626 996 $6260$aCasale Monferrato :$bPiemme$9(OLS)http://pul/publisher/51813